1484 1539 1711 1873 1113 1650 1696 1616 1858 1567 1883 1823 1241 1678 1598 1002 1870 1132 1993 1801 1367 1620 1392 1459 1943 1254 1020 1072 1277 1993 1758 1958 1536 1207 1094 1634 1459 1524 1490 1100 1008 1258 1433 1291 1081 1586 1278 1466 1633 1343 1681 1188 1231 1991 1695 1154 1446 1732 1744 1589 1307 1663 1718 1400 1802 1077 1720 1623 1977 1673 1705 1374 1239 1029 1129 1808 1794 1022 1599 1862 1164 1884 1203 1837 1119 1852 1336 1975 1331 1559 1623 1897 1837 1928 1341 1837 1728 1391 1226 BCNSPRNW ULIB Ver.6.0+V

เปลี่ยนเป็นภาษาไทย

Change to English
 แสดงรายละเอียดบรรณานุกรม
  กลับหน้าหลัก

Brief Record : Get Marc (ISO 2709) : E-mail record : QR code < ปิดหน้าต่าง
LEADER : 00000nam 2200000uu 4500
001    13399112448
003     ULIB
008    110627s2551||||th 000 0 tha d
020    9789743192678
090    นว.^bอ463M 2551
100 0  อะมีราห์
245 00 My Beloved Enemy...ปมรักในรอยแค้น/^cอะมีราห์
250    พิมพ์ครั้งที่ 2
260    กรุงเทพฯ :^bแจ่มใส,^c2551
300    168 หน้า
710 1  แจ่มใส
945    ^p129^l0^i030451
995    ทศพร
999 ^a ใช้งานได้ทุกระบบ
รายการนี้ยังไม่มีแท็ก
คุณยังไม่ได้ล็อกอิน คุณสามารถมีกิจกรรมร่วมกับเว็บไซต์ได้ แต่ต้องล็อกอินก่อน ::
  ล็อกอิน

รายการสื่อสารสนเทศ

ลำดับที่ ประเภท เลขเรียก/บาร์โค้ด สถานที่ สถานะ
- ไม่พบข้อมูล -

BibComment


ยังไม่เคยถูกคอมเมนท์

คอมเมนท์ทรัพยากรรายการนี้
  คอมเมนท์: My Beloved Enemyป..


 Copyright 2026. Bcnsprnw @Library